• 首页
  • 本馆介绍
  • 公告通知
  • 最新文献
  • 馆藏检索
  • 电子资源
  • 读者导购
  • 参考咨询
  • 我的图书馆
  • 登录
  • 详细信息显示
  • 放入我的书架
  • 预约/预借图书
  • 作者相关作品
  • 分类相关作品
  • 丛书相关作品
  • 出版社相关作品

书目信息

  • 表格格式
  • 工作单格式
  • 卡片格式
题名:
中国学校评估工作实用全书
    
 
作者: 田晓娜 主编
分册:  
出版信息: 北京   国际文化出版公司  1995
页数: 22,909页
开本: 27cm
丛书名: 中国学校工作全书系列
单 册:
中图分类: G449.7 , G47
科图分类:
主题词: 学校管理--理论
电子资源:
ISBN: 7-80105-242-0
000 00923oam2 2200253 450
001 1534088554
005 20150203092835.53
010    @a7-80105-242-0@b精装@dCNY88.00
100    @a20020302d1995 em y0chiy0110 ea
101 0  @achi
102    @aCN@b110000
105    @ak z 000yy
200 1  @a中国学校评估工作实用全书@9zhong guo xue xiao ping gu gong zuo shi yong quan shu@f田晓娜主编
210    @a北京@c国际文化出版公司@d1995
215    @a22,909页@d27cm
225 2  @a中国学校工作全书系列
330    @a本书侧重论述了学校评估工作的各个环节的操作过程,它既有德育评估、教学评估、体育评估、教师评估、学生评估、学校其它人员评估,又有学校总体评估。是学校领导掌握了解全校各种数据及发展规律的得力工具书。
461  0 @12001 @a中国学校工作全书系列
606 0  @a学校管理@x理论
690    @aG449.7@v5
690    @aG47@v5
701  0 @a田晓娜@9tian xiao na@4主编
801  0 @aCN@bTSSF@c20150203
905    @aZUCC@dG449.7@eJY1
    
    中国学校评估工作实用全书/田晓娜主编.-北京:国际文化出版公司,1995
    22,909页;27cm.-(中国学校工作全书系列)
    
    
    ISBN 7-80105-242-0(精装):CNY88.00
    本书侧重论述了学校评估工作的各个环节的操作过程,它既有德育评估、教学评估、体育评估、教师评估、学生评估、学校其它人员评估,又有学校总体评估。是学校领导掌握了解全校各种数据及发展规律的得力工具书。
●
相关链接 在E读中查询图书 在五车中查询图书 在当当中查询图书 在豆瓣中查询图书


正题名:中国学校评估工作实用全书     索取号:G449.7/JY1         预约/预借

序号 登录号 条形码 馆藏地/架位号 状态 备注
1 7865639   278656394   学院路分馆/ [索取号:G449.7/JY1] 在馆    
唐山师范学院图书馆 欢迎您!
大连网信软件有限公司© 版权所有